1294 1743 1850 1392 1229 1020 1647 1652 1455 1350 1930 1070 1141 1940 1677 1216 1286 2000 1896 1777 1160 1708 1685 1305 1540 1610 1845 1386 1605 1410 1572 1252 1584 1995 1644 1605 1568 1611 1674 1393 1571 1683 1684 1401 1394 1570 1437 1825 1074 1501 1589 1522 1420 1410 1049 1306 1806 1036 1057 1779 1248 1418 1171 1707 1060 1963 1315 1808 1618 1829 1021 1287 1123 1317 1761 1633 1444 1696 1293 1860 1611 1004 1307 1662 1029 1592 1625 1878 1203 1930 1290 1974 1613 1349 1071 1260 1031 1609 1075 BCNSPRNW ULIB Ver.6.0+V

เปลี่ยนเป็นภาษาไทย

Change to English
 แสดงรายละเอียดบรรณานุกรม
  กลับหน้าหลัก

Brief Record : Get Marc (ISO 2709) : E-mail record : QR code < ปิดหน้าต่าง
LEADER : 00000nam 2200000uu 4500
001    13399124939
003     ULIB
008    160524s2558||||th 000 0 tha d
020    ^a9786163980311
060    ^aWY16^bอ792พ
100    ^aอุดมรัตน์ สงวนศิริธรรม
245    ^aพฤติกรรมจริยธรรมของพยาบาลวิชาชีพ/^cอุดมรัตน์ สงวนศิริธรรม
250    ^aพิมพ์ครั้งที่ 1
260    ^aเชียงใหม่ :^bมหาวิทยาลัยเชียงใหม่,^c2558
300    ^a135 หน้า;^b24.5 ซม.
650    ^aจริยธรรม^xพยาบาล
650    ^aพยาบาล^xวิชาชีพ
700    ^aสมใจ ศิระกมล
710    ^aมหาวิทยาลัยเชียงใหม่^bโครงการตำราคณะพยาบาลศาสตร์
945    ^p180^l0^i000873
945    ^p180^l0^i000874
945    ^p180^l0^i000875
945    ^p180^l0^i000876
945    ^p180^l0^i000877
945    ^p180^l0^i000878
945    ^p180^l0^i000879
945    ^p180^l0^i000880
945    ^p180^l0^i000881
945    ^p180^l0^i000882
945    ^p180^l0^i000883
945    ^p180^l0^i000884
945    ^p180^l0^i000885
945    ^p180^l0^i000886
945    ^p180^l0^i000887
999    ^aเกษร โพธิ์สุวรรณ
รายการนี้ยังไม่มีแท็ก
คุณยังไม่ได้ล็อกอิน คุณสามารถมีกิจกรรมร่วมกับเว็บไซต์ได้ แต่ต้องล็อกอินก่อน ::
  ล็อกอิน

รายการสื่อสารสนเทศ

ลำดับที่ ประเภท เลขเรียก/บาร์โค้ด สถานที่ สถานะ
1. Book การพยาบาล
Book การพยาบาล
สถานะ=หนังสือเก่า
WY16 อ792พ ฉ.1 
  Barcode: 000873
ห้องสมุดวิทยาเขตสวรรค์ประชารักษ์
►ส่วนจัดเก็บหนังสือเก่า สปร
บนชั้น
  ขอยืม
2. Book การพยาบาล
Book การพยาบาล
สถานะ=หนังสือเก่า
WY16 อ792พ ฉ.10 
  Barcode: 000882
ห้องสมุดวิทยาเขตสวรรค์ประชารักษ์
►ส่วนจัดเก็บหนังสือเก่า สปร
บนชั้น
  ขอยืม
3. Book การพยาบาล
Book การพยาบาล
สถานะ=หนังสือเก่า
WY16 อ792พ ฉ.11 
  Barcode: 000883
ห้องสมุดวิทยาเขตสวรรค์ประชารักษ์
►ส่วนจัดเก็บหนังสือเก่า สปร
บนชั้น
  ขอยืม
4. Book การพยาบาล
Book การพยาบาล
สถานะ=หนังสือเก่า
WY16 อ792พ ฉ.12 
  Barcode: 000884
ห้องสมุดวิทยาเขตสวรรค์ประชารักษ์
►ส่วนจัดเก็บหนังสือเก่า สปร
บนชั้น
  ขอยืม
5. Book การพยาบาล
Book การพยาบาล
สถานะ=หนังสือเก่า
WY16 อ792พ ฉ.13 
  Barcode: 000885
ห้องสมุดวิทยาเขตสวรรค์ประชารักษ์
►ส่วนจัดเก็บหนังสือเก่า สปร
บนชั้น
  ขอยืม
6. Book การพยาบาล
Book การพยาบาล
สถานะ=หนังสือเก่า
WY16 อ792พ ฉ.14 
  Barcode: 000886
ห้องสมุดวิทยาเขตสวรรค์ประชารักษ์
►ส่วนจัดเก็บหนังสือเก่า สปร
บนชั้น
  ขอยืม
7. Book การพยาบาล
Book การพยาบาล
สถานะ=หนังสือเก่า
WY16 อ792พ ฉ.15 
  Barcode: 000887
ห้องสมุดวิทยาเขตสวรรค์ประชารักษ์
►ส่วนจัดเก็บหนังสือเก่า สปร
บนชั้น
  ขอยืม
8. Book การพยาบาล
Book การพยาบาล
สถานะ=หนังสือเก่า
WY16 อ792พ ฉ.2 
  Barcode: 000874
ห้องสมุดวิทยาเขตสวรรค์ประชารักษ์
►ส่วนจัดเก็บหนังสือเก่า สปร
บนชั้น
  ขอยืม
9. Book การพยาบาล
Book การพยาบาล
สถานะ=หนังสือเก่า
WY16 อ792พ ฉ.3 
  Barcode: 000875
ห้องสมุดวิทยาเขตสวรรค์ประชารักษ์
►ส่วนจัดเก็บหนังสือเก่า สปร
บนชั้น
  ขอยืม
10. Book การพยาบาล
Book การพยาบาล
สถานะ=หนังสือเก่า
WY16 อ792พ ฉ.4 
  Barcode: 000876
ห้องสมุดวิทยาเขตสวรรค์ประชารักษ์
►ส่วนจัดเก็บหนังสือเก่า สปร
บนชั้น
  ขอยืม
11. Book การพยาบาล
Book การพยาบาล
สถานะ=หนังสือเก่า
WY16 อ792พ ฉ.5 
  Barcode: 000877
ห้องสมุดวิทยาเขตสวรรค์ประชารักษ์
►ส่วนจัดเก็บหนังสือเก่า สปร
บนชั้น
  ขอยืม
12. Book การพยาบาล
Book การพยาบาล
สถานะ=หนังสือเก่า
WY16 อ792พ ฉ.6 
  Barcode: 000878
ห้องสมุดวิทยาเขตสวรรค์ประชารักษ์
►ส่วนจัดเก็บหนังสือเก่า สปร
บนชั้น
  ขอยืม
13. Book การพยาบาล
Book การพยาบาล
สถานะ=หนังสือเก่า
WY16 อ792พ ฉ.7 
  Barcode: 000879
ห้องสมุดวิทยาเขตสวรรค์ประชารักษ์
►ส่วนจัดเก็บหนังสือเก่า สปร
บนชั้น
  ขอยืม
14. Book การพยาบาล
Book การพยาบาล
สถานะ=หนังสือเก่า
WY16 อ792พ ฉ.8 
  Barcode: 000880
ห้องสมุดวิทยาเขตสวรรค์ประชารักษ์
►ส่วนจัดเก็บหนังสือเก่า สปร
บนชั้น
  ขอยืม
15. Book การพยาบาล
Book การพยาบาล
สถานะ=หนังสือเก่า
WY16 อ792พ ฉ.9 
  Barcode: 000881
ห้องสมุดวิทยาเขตสวรรค์ประชารักษ์
►ส่วนจัดเก็บหนังสือเก่า สปร
บนชั้น
  ขอยืม

รายการใกล้เคียง
    ผู้แต่ง [อุดมรัตน์ สงวนศิริธรรม]

BibComment


ยังไม่เคยถูกคอมเมนท์

คอมเมนท์ทรัพยากรรายการนี้
  คอมเมนท์: พฤติกรรมจริยธรรม..


 Copyright 2026. Bcnsprnw @Library